000 00266nam a2200109Ia 4500
008 190911s9999||||xx |||||||||||||| ||und||
100 _aBrown, Mark R.
245 0 _aNetscape Navigator 3 Starter KIT
260 _aNew York
_bPearson
_c1996
300 _a509
942 _cBK
999 _c6659
_d6659